000 00257nam a22001217a 4500
020 _aNA
082 _222
_a338.4
100 _aSharma, Robins.
245 _aLeadership wisdom /
260 _bJaico Publishing,
_cc2005.
300 _a0
_bill. ;
942 _2ddc
_cF
999 _c4154
_d4154